| 000 | 00642nam a22001577a 4500 | ||
|---|---|---|---|
| 003 | OSt | ||
| 005 | 20151006101809.0 | ||
| 008 | 151006b xxu||||| |||| 00| 0 eng d | ||
| 040 | _cRUA | ||
| 082 | _aAVM AUM 1996 B070 Or.1 | ||
| 100 |
_92120 _aAUMM, SITHA. |
||
| 245 | _aSurvey of infectious diseases on the animals at kompongseam district kompongcham povince, ការអង្គេត ស្តីពីជំងឺឆ្លងសត្វពាហនៈនៅស្រុក កំមពង់សៀមម ខេត្តកំពង់ចាម. | ||
| 260 |
_aphnom phen _bRUA _c1996 |
||
| 300 |
_a52p. _bill. _c29cm. |
||
| 942 |
_2ddc _cAVM |
||
| 999 |
_c1994 _d1994 |
||